LEADER 01158nam--2200385---450- 001 990003059680203316 005 20080201121706.0 010 $a978-1-4051-5270-9 035 $a000305968 035 $aUSA01000305968 035 $a(ALEPH)000305968USA01 035 $a000305968 100 $a20080201d2006----km-y0itay50------ba 101 $aeng 102 $aUK 105 $a||||||||001yy 200 1 $aAgainst Automobility$fedited by Steffen Bohm...[et al.] 210 $a[Oxford]$cBlackwell Publishing/Sociological Review$d[c2006] 215 $a164 p.$d25 cm 225 2 $aSociological Review$iMonographs 300 $aSuppl. a : Sociological Review 410 0$12001$aSociological Review$iMonographs 606 0 $aMovimento $xCongressi 606 0 $aSociologia urbana 676 $a306.4 702 1$aBOHM,$bSteffen 801 0$aIT$bsalbc$gISBD 912 $a990003059680203316 951 $aII.5. 6067$b199597 LM$cII.5.$d00066781 959 $aBK 969 $aUMA 979 $aSENATORE$b90$c20080201$lUSA01$h1207 979 $aSENATORE$b90$c20080201$lUSA01$h1217 996 $aAgainst automobility$9730380 997 $aUNISA LEADER 02125nam 2200481z- 450 001 9910136802403321 005 20210211 035 $a(CKB)3710000000631106 035 $a(oapen)doab55788 035 $a(EXLCZ)993710000000631106 100 $a20202102d2015 |y 0 101 0 $aeng 135 $aurmn|---annan 181 $ctxt$2rdacontent 182 $cc$2rdamedia 183 $acr$2rdacarrier 200 00$aPathophysiological Mechanisms of Sarcopenia in Aging and in Muscular Dystrophy: A Translational Approach 210 $cFrontiers Media SA$d2015 215 $a1 online resource (248 p.) 225 1 $aFrontiers Research Topics 311 08$a9782889196845 311 08$a2889196844 330 $aLoss of muscle mass and increased fibrosis characterize both sarcopenia of aging and muscular dystrophy. Research is increasingly showing that these two conditions also share several pathophysiological mechanisms, including mitochondrial dysfunction, increased apoptosis, abnormal modulation of autophagy, decline in satellite cells, increased generation of reactive oxygen species, and abnormal regulation of signaling and stress response pathways. This Research Topic will cover several mechanisms involved in aging and dystrophic sarcopenia and explore the therapeutic potential of various strategies for intervention. 517 $aPathophysiological Mechanisms of Sarcopenia in Aging and in Muscular Dystrophy 606 $aNeurosciences$2bicssc 610 $aAging sarcopenia 610 $aAnimal Models 610 $aApoptosis 610 $aAutophagy 610 $aMitochondrial dysfunction 610 $amuscle imaging 610 $amuscular dystrophy 610 $asatellite cells 610 $askeletal muscle 610 $atherapy 615 7$aNeurosciences 700 $aPaolo Bonaldo$4auth$01322469 702 $aLuciano Merlini$4auth 702 $aEmanuele Marzetti$4auth 906 $aBOOK 912 $a9910136802403321 996 $aPathophysiological Mechanisms of Sarcopenia in Aging and in Muscular Dystrophy: A Translational Approach$93035042 997 $aUNINA LEADER 04831oam 2201081 c 450 001 9910213857803321 005 20260302090207.0 010 $a9783839422168 010 $a3839422167 024 7 $a10.14361/transcript.9783839422168 035 $a(CKB)2550000001337827 035 $a(EBL)1914082 035 $a(SSID)ssj0001349400 035 $a(PQKBManifestationID)11754056 035 $a(PQKBTitleCode)TC0001349400 035 $a(PQKBWorkID)11402451 035 $a(PQKB)10007596 035 $a(MiAaPQ)EBC1914082 035 $a(DE-B1597)395324 035 $a(OCoLC)1005804105 035 $a(OCoLC)1037980153 035 $a(OCoLC)892890872 035 $a(DE-B1597)9783839422168 035 $a(MiAaPQ)EBC5494390 035 $a(MiAaPQ)EBC6695230 035 $a(Au-PeEL)EBL5494390 035 $a(OCoLC)885022027 035 $a(Au-PeEL)EBL6695230 035 $a(OCoLC)1023570151 035 $a(ScCtBLL)600d1dc5-7b1a-4456-b9a7-1ff3a8fe62b0 035 $a(transcript Verlag)9783839422168 035 $a(oapen)https://directory.doabooks.org/handle/20.500.12854/34673 035 $a(Perlego)1796879 035 $a(oapen)doab34673 035 $a(EXLCZ)992550000001337827 100 $a20260302h20142013 uy 0 101 0 $aeng 135 $aur|n|---||||| 181 $ctxt 182 $cc 183 $acr 200 04$aThe Transatlantic Sixties$eEurope and the United States in the Counterculture Decade$fGrzegorz Kosc, Clara Juncker, Sharon Monteith, Britta Waldschmidt-Nelson 205 $a1st ed. 210 $aBielefeld$ctranscript Verlag$d2014 210 $d2014, c2013 215 $a1 online resource (323 p.) 225 0 $aAmerika: Kultur - Geschichte - Politik 300 $aIncludes index. 311 08$a9783837622164 311 08$a3837622169 311 08$a9781306998628 311 08$a130699862X 320 $aIncludes bibliographical references and index. 327 $a1 Contents 5 Introduction 7 New or Larger? 12 Body Counts and Memorials 31 "We Shall Overcome" 66 The Transatlantic Women's Movement 98 The Paradox of Re-Colonization 122 The Summer of Love and Protest 144 1960s Documentary Film 174 Fiction in the 1960s and the Notion of Change 202 Information, Communication, Systems 226 Frost's Negotiations with Khrushchev 256 A Tale of Three Bridges 283 Contributors 313 Index 319 330 $aThis collection brings together new and original critical essays by eleven established European American Studies scholars to explore the 1960s from a transatlantic perspective. Intended for an academic audience interested in globalized American studies, it examines topics ranging from the impact of the American civil rights movement in Germany, France and Wales, through the transatlantic dimensions of feminism and the counterculture movement. It explores, for example, the vicissitudes of Europe's status in US foreign relations, European documentaries about the Vietnam War, transatlantic trends in literature and culture, and the significance of collective and cultural memory of the era. 330 1 $aReviewed in: Portal für Politikwissenschaft, 13.03.2014, Frank Kaltofen 410 0$aAmerika (Bielefeld, Germany) ;$vBd. 4. 517 2 $aKosc et al. (eds.), The Transatlantic Sixties$eEurope and the United States in the Counterculture Decade 606 $a1960s 606 $aEurope 606 $aAmerican Studies 606 $aCulture 606 $aTransatlantic Relations 606 $aAmerica 606 $aCultural History 606 $aAmerican History 606 $aGlobal History 606 $aHistory of the 20th Century 606 $aHistory 615 4$a1960s 615 4$aEurope 615 4$aAmerican Studies 615 4$aCulture 615 4$aTransatlantic Relations 615 4$aAmerica 615 4$aCultural History 615 4$aAmerican History 615 4$aGlobal History 615 4$aHistory of the 20th Century 615 4$aHistory 676 $a973.922 702 $aKos?c?$b Grzegorz$p

Grzegorz Kosc, Universität Warschau und Universität Lodz, Polen

$4edt 702 $aJuncker$b Clara$p

Clara Juncker, Süddänische Universität, Dänemark

$4edt 702 $aMonteith$b Sharon$p

Sharon Monteith, Universität Nottingham, Großbritannien

$4edt 702 $aWaldschmidt-Nelson$b Britta$p

Britta Waldschmidt-Nelson, Deutsches Historisches Institut (Washington D.C.), USA

$4edt 712 02$aKnowledge Unlatched - KU Select 2016: Backlist Collection$4fnd$4http://id.loc.gov/vocabulary/relators/fnd 801 0$bMiAaPQ 801 1$bMiAaPQ 801 2$bMiAaPQ 906 $aBOOK 912 $a9910213857803321 996 $aThe Transatlantic Sixties$92155612 997 $aUNINA